Algebraic Geometry IV : linear Algebraic Groups Invariant Theory
Αποθηκεύτηκε σε:
| Άλλοι συγγραφείς: | , |
|---|---|
| Μορφή: | Βιβλίο |
| Γλώσσα: | English |
| Δημοσίευση: |
Berlin :
Springer-Verlag,
c1994.
|
| Σειρά: | Encyclopaedia of mathematical sciences ;
55 |
| Θέματα: | |
| Ετικέτες: |
Προσθήκη ετικέτας
Δεν υπάρχουν, Καταχωρήστε ετικέτα πρώτοι!
|
MARC
| LEADER | 00000cam a2200000 i 4500 | ||
|---|---|---|---|
| 001 | 1/30681 | ||
| 008 | 960710s1994####gw | ||| |||| ||eng|| | ||
| 020 | |a 3540546820 | ||
| 035 | |a 1995 |l 10038632 | ||
| 040 | |a GR-MyUA |b gre |e AACR2 | ||
| 041 | 0 | |a eng | |
| 082 | 0 | |a 512.2 | |
| 245 | 1 | 0 | |a Algebraic Geometry IV : |b linear Algebraic Groups Invariant Theory / |c A.N. Parshin, I.R. Shafarevich (Eds.). |
| 246 | 3 | 3 | |a Linear Algebraic Groups Invariant Theory |
| 246 | 3 | 3 | |a Algebraic Geometry 4 |
| 246 | 3 | 3 | |a Algebraic Geometry four |
| 260 | |a Berlin : |b Springer-Verlag, |c c1994. | ||
| 300 | |a 284 σ. ; |c 24 εκ. | ||
| 490 | 1 | |a (Encyclopaedia of mathematical sciences |v ; 55) | |
| 504 | |a Περιέχει βιβλιογραφικές αναφορές και ευρετήριο. | ||
| 650 | 0 | 0 | |a Linear algebraic groups. |
| 650 | 0 | 0 | |a Invariants. |
| 700 | 1 | |a Parshin, A. N. |e edt | |
| 700 | 1 | |a Shafarevich, I. R. |q (Igor Rostislavovich), |d 1923-2017, |e edt | |
| 830 | 0 | |a Encyclopaedia of mathematical sciences ; |v 55 | |
| 852 | |a INST |b SAMOS |e 19960710 |h 512.2 ALG |p 005300005239 |q 005300005239 |t BK |y 0 | ||
| 909 | |a Σ |b 039335 | ||